| 000 | 00492nam a22001217a 4500 | ||
|---|---|---|---|
| 999 |
_c7038 _d7038 |
||
| 008 | 200415b ||||| |||| 00| 0 eng d | ||
| 100 | _aUnited Republic of Tanzania | ||
| 245 |
_aNational Sample Census of Agriculture 2002/2003 _bSmall Holder Agriculture _cThe United of Republic of Tanzania _hEnglish |
||
| 260 |
_aDar Es Salaam _bNational Bureau of Statistics _c2006 |
||
| 300 |
_axviii, 354p. _bIllustration _c30cm |
||
| 650 | _2National Sample Census of Agriculture 2002/2003 | ||
| 942 |
_2ddc _cBOOKS |
||